Intellectual Property Management A Guide for Scientists, Engineers, Financiers, and Managers /

Bibliographic Details
Main Author: Junghans, Claas
Other Authors: Levy, Adam, Sander, Rolf, Boeckh, Tobias, Dirk Heerma, Jan, Regierer, Christoph
Format: eBook
Language:English
Published: Hoboken: Wiley, 2005
Subjects:
Online Access:Acceso restringido

MARC

LEADER 00000nam a22000007a 4500
005 20210309205645.0
007 cr|||| ||||
008 210309s2005 us |||||s|||| 00||0 eng d
020 |a 9783527612215 
035 |a 32432 
040 |a vLex 
090 |c 11326  |d 11326 
100 1 |a Junghans, Claas 
245 1 0 |a Intellectual Property Management  |h [Recurso electrn̤ico] :  |b A Guide for Scientists, Engineers, Financiers, and Managers /  |c Claas Junghans, Adam Levy, Rolf Sander, Tobias Boeckh, Jan Dirk Heerma, Christoph Regierer 
256 |a Servicio en ln̕ea 
260 |a Hoboken:  |b Wiley,  |c 2005 
300 |a 1 recurso electrn̤ico 
500 |a This concise introduction to European patent law and global patent perspectives combines the legal and economic perspectives to adopt a unique approach that serves both inventors -- engineers and scientists -- as well as financiers and economists. Written by experts with first-hand knowledge this book is completely up-to-date, taking into account recent additions to European patent law, especially in the field of biotechnology and genetics. While concentrating on the EU, the world perspective is nevertheless represented, including US particularities. The result is a set of guidelines allowing readers to develop a holistic patent strategy suitable for their specific needs. For scientists, engineers, managers and financiers in the chemical industry. 
506 1 |a Disponible solo en los productos indicados  |d vLex Global  |d vLex Global (Academic Edition, excluding Law Schools)  |d vLex Global (Academic Edition, Law Schools) 
650 0 4 |a Propiedad Intelectual  |z Estados Unidos 
700 1 |a Levy, Adam 
700 1 |a Sander, Rolf 
700 1 |a Boeckh, Tobias 
700 1 |a Dirk Heerma, Jan 
700 1 |a Regierer, Christoph 
740 0 |a vLex Libros (Servicio en ln̕ea) 
856 4 0 |u http://vlex.com/source/intellectual-property-management-a-guide-for-scientists-engineers-financiers-and-managers-32432  |z Acceso restringido 
942 |c BOOK 
999 0 |a Intellectual property